[Event "22nd ch-EUR Indiv 2022"]
[Site "Terme Catez SLO"]
[Date "2022.04.05"]
[Round "10.73"]
[White "Blomqvist, Erik"]
[Black "Langheinrich, Ferenc"]
[Result "0-1"]
[WhiteTitle "GM"]
[BlackTitle "IM"]
[WhiteElo "2542"]
[BlackElo "2351"]
[WhiteFideId "1709437"]
[BlackFideId "4641973"]
[EventDate "2022.03.27"]

1. e4 c5 2. Nf3 Nc6 3. Nc3 e5 4. Bc4 Be7 5. d3 d6 6. h3 Na5 7. Bb5+ Nc6 8. a3
Nf6 9. O-O O-O 10. Bc4 h6 11. Bd2 Be6 12. Re1 a6 13. Nd5 Bxd5 14. exd5 Nb8 15.
Nh4 g6 16. Bxh6 Re8 17. Nf3 Nbd7 18. Ba2 Bf8 19. Bg5 Qb6 20. Rb1 Bg7 21. c3 Qc7
22. Rc1 Nh7 23. Bd2 Qd8 24. b4 f5 25. a4 Rc8 26. a5 c4 27. dxc4 Bf6 28. Be3 Kg7
29. Qd2 f4 30. Ba7 Ra8 31. Bb6 Nxb6 32. axb6 Qxb6 33. Bb1 Nf8 34. Nh2 Rac8 35.
Re4 Nh7 36. Ng4 Qc7 37. Rce1 Ng5 38. R4e2 f3 39. h4 Qxc4 40. Nxf6 Qxh4 41. Qd3
Rh8 42. Qxg6+ Kf8 43. Nd7+ Ke7 44. Rxe5+ dxe5 45. Rxe5+ Kxd7 46. Qg7+ Nf7 47.
Qxf7+ Kd8 48. Bh7 Rxc3 49. Re1 Rc7 0-1

[Event "22nd ch-EUR Indiv 2022"]
[Site "Terme Catez SLO"]
[Date "2022.04.05"]
[Round "10.74"]
[White "Lenaerts, Lennert"]
[Black "Gumularz, Szymon"]
[Result "1/2-1/2"]
[WhiteTitle "FM"]
[BlackTitle "GM"]
[WhiteElo "2361"]
[BlackElo "2539"]
[WhiteFideId "211435"]
[BlackFideId "1188062"]
[EventDate "2022.03.27"]

1. d4 Nf6 2. c4 e6 3. Nc3 Bb4 4. Qc2 O-O 5. Nf3 d6 6. Bd2 Nbd7 7. a3 Bxc3 8.
Bxc3 b6 9. e4 c5 10. e5 cxd4 11. Bxd4 dxe5 12. Nxe5 Qc7 13. Nxd7 Bxd7 14. Bxf6
gxf6 15. Be2 Bc6 16. Qc3 Qe5 17. Qxe5 fxe5 18. O-O Rfd8 19. Rfd1 Rd4 20. b3 Be4
21. Rac1 Rxd1+ 22. Bxd1 Rd8 23. b4 Rd2 24. f3 Bb7 25. Kf1 e4 26. Be2 exf3 27.
gxf3 Ra2 28. Rc3 Kf8 29. Kf2 1/2-1/2

[Event "22nd ch-EUR Indiv 2022"]
[Site "Terme Catez SLO"]
[Date "2022.04.05"]
[Round "10.75"]
[White "O'Gorman, Tom"]
[Black "Firat, Burak"]
[Result "1-0"]
[WhiteTitle "FM"]
[BlackTitle "GM"]
[WhiteElo "2357"]
[BlackElo "2487"]
[WhiteFideId "2508249"]
[BlackFideId "6305881"]
[EventDate "2022.03.27"]

1. d4 Nf6 2. c4 g6 3. Nc3 Bg7 4. e4 d6 5. Be2 O-O 6. Be3 Nc6 7. d5 Ne5 8. f4
Ned7 9. g4 Nc5 10. Bxc5 dxc5 11. e5 Ne8 12. h4 c6 13. h5 cxd5 14. cxd5 Qb6 15.
Qc2 Qb4 16. Nh3 Nc7 17. O-O-O b5 18. h6 Bxh6 19. d6 Bxf4+ 20. Kb1 Bxe5 21. dxc7
Bxc3 22. Qxc3 Qxc3 23. bxc3 Bb7 24. Rhf1 h5 25. Ng5 h4 26. Bf3 Bxf3 27. Rxf3 f6
28. Ne6 Rfc8 29. Rd7 Kf7 30. Nxc5 a5 31. Re3 Re8 32. Nb7 Kf8 33. Rd8 1-0

[Event "22nd ch-EUR Indiv 2022"]
[Site "Terme Catez SLO"]
[Date "2022.04.05"]
[Round "10.76"]
[White "Unuk, Laura"]
[Black "Loiseau, Quentin"]
[Result "0-1"]
[WhiteTitle "IM"]
[BlackTitle "IM"]
[WhiteElo "2346"]
[BlackElo "2474"]
[WhiteFideId "14609215"]
[BlackFideId "665274"]
[EventDate "2022.03.27"]

1. c4 e6 2. Nc3 d5 3. d4 c6 4. e3 Nf6 5. Nf3 Nbd7 6. Qc2 Bd6 7. b3 O-O 8. Be2 b6
9. Bb2 Bb7 10. O-O Qe7 11. Rfd1 Rad8 12. e4 dxe4 13. Ng5 c5 14. dxc5 Nxc5 15. f3
Ng4 16. Rxd6 Qxg5 17. fxg4 Qe3+ 18. Kf1 Nd3 19. Bxd3 exd3 20. Qxd3 Qxd3+ 21.
Rxd3 Rxd3 22. Ke2 Rd7 23. g3 Rfd8 24. Rd1 Rxd1 25. Nxd1 Bf3+ 26. Kxf3 Rxd1 27.
Be5 Rd2 0-1

[Event "22nd ch-EUR Indiv 2022"]
[Site "Terme Catez SLO"]
[Date "2022.04.05"]
[Round "10.77"]
[White "Bilych, Olexiy"]
[Black "Subelj, Jan"]
[Result "0-1"]
[WhiteTitle "FM"]
[BlackTitle "IM"]
[WhiteElo "2342"]
[BlackElo "2468"]
[WhiteFideId "14156504"]
[BlackFideId "14618583"]
[EventDate "2022.03.27"]

1. e4 c5 2. Nf3 e6 3. d4 cxd4 4. Nxd4 a6 5. Nc3 b5 6. Bd3 Bb7 7. O-O Nc6 8. Nxc6
Bxc6 9. Re1 Ne7 10. a4 b4 11. Ne2 Ng6 12. Nd4 Bb7 13. Qh5 Qc7 14. e5 Bc5 15. Nb3
Ba7 16. Be3 Bxe3 17. Rxe3 Bxg2 18. Bxg6 fxg6 19. Qg4 Bd5 20. Qxb4 Qxc2 21. Nd4
Qc7 22. Ne2 Rb8 23. Qa3 Rf8 24. Rc1 Qb6 25. a5 Qb4 26. Rc8+ Ke7 27. Rxb8 Qxa3
28. bxa3 Rxb8 29. Nc3 Rc8 30. Nxd5+ exd5 31. Rh3 h5 32. Rg3 Rc4 33. h3 Kf7 34.
Rf3+ Ke6 35. Rf8 Kxe5 36. Rf7 Rc5 37. Rxg7 Kf5 38. Rxd7 Rxa5 39. Rd6 g5 40. Kg2
Ke4 41. Re6+ Kf5 42. Rd6 h4 43. f3 Kf4 44. Rf6+ Ke3 45. Rf5 Rxa3 46. Rxd5 Ra2+
47. Kh1 Kf4 48. Kg1 a5 49. Rd4+ Kxf3 50. Rg4 a4 51. Rxg5 Rc2 52. Ra5 Rc4 53. Ra8
Rf4 54. Re8 Kg3 55. Re7 Kxh3 56. Re8 Kg3 57. Re7 Kf3 58. Kf1 Rc4 59. Rf7+ Ke3
60. Rd7 Rd4 61. Rc7 Kd2 62. Rc8 a3 63. Ra8 Rd3 0-1

[Event "22nd ch-EUR Indiv 2022"]
[Site "Terme Catez SLO"]
[Date "2022.04.05"]
[Round "10.78"]
[White "Pasztor, Balazs"]
[Black "Kaasen, Tor Fredrik"]
[Result "1/2-1/2"]
[WhiteTitle "FM"]
[BlackTitle "IM"]
[WhiteElo "2338"]
[BlackElo "2460"]
[WhiteFideId "774723"]
[BlackFideId "1516647"]
[EventDate "2022.03.27"]

1. e4 e5 2. Nf3 Nc6 3. Bb5 a6 4. Ba4 Nf6 5. O-O Be7 6. Re1 b5 7. Bb3 d6 8. c3
O-O 9. h3 Nb8 10. d4 Nbd7 11. Nbd2 Bb7 12. Bc2 Re8 13. Nf1 Bf8 14. Ng3 a5 15. b3
b4 16. Bb2 g6 17. Qd2 c5 18. dxe5 Nxe5 19. Nxe5 dxe5 20. Qe3 Qe7 21. Rad1 h5 22.
Nf1 Kh7 23. Qf3 Bh6 24. Ne3 Bxe3 25. Qxe3 Red8 26. c4 Rxd1 27. Rxd1 Re8 28. f3
Nd7 29. f4 f6 30. Qd3 Nb8 31. f5 g5 32. Qf3 Qf7 33. Rd6 Kg7 34. Bd1 h4 35. g3
Qc7 36. Rd2 Rh8 37. Qd3 hxg3 38. Kg2 Re8 39. Kxg3 Nc6 40. Qd7+ Re7 41. Qxc7 Rxc7
42. h4 gxh4+ 43. Kxh4 Nd4 44. Bxd4 exd4 45. Bf3 Kf8 46. Kg3 Bc6 47. Kf4 Rh7 48.
Rg2 a4 49. Rf2 Ke7 50. Rg2 Rh4+ 51. Rg4 Rxg4+ 52. Bxg4 Kd6 53. Bh5 d3 54. Bd1 a3
55. Bh5 d2 56. Bf3 Ba4 57. Bd1 Be8 58. Bf3 Bf7 59. Bd1 Bg8 60. Bc2 Bf7 61. Bd1
Be8 62. Bf3 Bc6 63. Bd1 Bd7 64. Bf3 Be8 65. Be2 Bf7 66. Bd1 Bg8 67. Bc2 Bf7 68.
Bd1 1/2-1/2

[Event "22nd ch-EUR Indiv 2022"]
[Site "Terme Catez SLO"]
[Date "2022.04.05"]
[Round "10.79"]
[White "Roebers, Eline"]
[Black "Cvitan, Ognjen"]
[Result "1/2-1/2"]
[BlackTitle "GM"]
[WhiteElo "2331"]
[BlackElo "2458"]
[WhiteFideId "1058401"]
[BlackFideId "14500086"]
[EventDate "2022.03.27"]

1. e4 c5 2. Nf3 d6 3. d4 cxd4 4. Nxd4 Nf6 5. Nc3 a6 6. Bg5 e6 7. f4 Be7 8. Qf3
Qc7 9. O-O-O Nbd7 10. g4 h6 11. Bxf6 Bxf6 12. h4 Nb6 13. g5 Bxd4 14. Rxd4 Qc5
15. Qd3 hxg5 16. b4 Qc7 17. fxg5 Bd7 18. Rxd6 Nc8 19. Rd4 Nb6 20. g6 fxg6 21.
Rd6 O-O-O 22. Bh3 e5 23. Bxd7+ Rxd7 24. Rxd7 Qxd7 25. Rg1 Qc6 26. Nd5 Kb8 27.
Qc3 Qxc3 28. Nxc3 Rxh4 29. Rxg6 Nc4 30. Rxg7 Rh1+ 31. Nd1 Re1 32. Rd7 Rxe4 33.
Nc3 Rh4 34. a4 Nb6 35. Re7 Rh1+ 36. Kb2 Nc4+ 37. Kb3 Nd2+ 38. Ka2 Rh3 39. Nd5
Nc4 40. a5 Ra3+ 41. Kb1 Nd2+ 42. Kc1 Nc4 43. c3 b5 44. axb6 Ra2 45. Nf6 Nxb6 46.
Rxe5 a5 47. b5 a4 48. Re6 Nc4 49. Nd7+ Kc7 50. Rc6+ Kxd7 51. Rxc4 a3 52. Rb4 Rh2
53. Kb1 Kc7 54. c4 Kb6 55. Rb3 a2+ 56. Ka1 Rc2 57. Rb4 Ka5 58. Rb2 Rxc4 59. b6 1/2-1/2

[Event "22nd ch-EUR Indiv 2022"]
[Site "Terme Catez SLO"]
[Date "2022.04.05"]
[Round "10.80"]
[White "Royal, Shreyas"]
[Black "Kosakowski, Jakub"]
[Result "1/2-1/2"]
[WhiteTitle "FM"]
[BlackTitle "IM"]
[WhiteElo "2296"]
[BlackElo "2452"]
[WhiteFideId "448869"]
[BlackFideId "1185080"]
[EventDate "2022.03.27"]

1. d4 Nf6 2. c4 g6 3. Nc3 Bg7 4. e4 d6 5. Nge2 O-O 6. Ng3 h5 7. Be2 h4 8. Nf1 b5
9. cxb5 a6 10. bxa6 h3 11. gxh3 Nxa6 12. h4 c5 13. d5 e6 14. Bg5 Qb6 15. Qb3 Nb4
16. Ne3 exd5 17. exd5 Nfxd5 18. Nexd5 Nxd5 19. Qxb6 Nxb6 20. O-O Be6 21. Be7
Rfc8 22. Bxd6 Na4 23. Bf3 Nxc3 24. bxc3 Ra6 25. Rfd1 Bxc3 26. Bb7 Bxa1 27. Bxa6
Ra8 28. Rxa1 Rxa6 29. Bxc5 Rxa2 30. Rd1 Ra8 31. Kg2 Rc8 32. Be3 Kh7 33. Kg3 Ra8
34. Rb1 Ra3 35. Rb5 Rb3 36. Ra5 Rb1 37. Kg2 Rd1 38. Re5 Rd5 39. Re4 Rf5 40. Kg3
Ra5 41. Rb4 Ra1 42. Rb5 Rg1+ 43. Kf3 Rd1 44. Ke4 Bd7 45. Ra5 Rh1 46. Bf4 Re1+
47. Kd4 Bf5 48. Bg3 Re4+ 49. Kd5 Re2 50. Kd6 Kh6 51. Rb5 Re6+ 52. Kd5 Re2 53.
Rb8 Rd2+ 54. Ke5 Kg7 55. Rb7 Re2+ 56. Kd4 Rd2+ 57. Kc3 Rc2+ 58. Kd4 Rd2+ 59. Ke3
Rd3+ 60. Ke2 Rd7 61. Rb8 Re7+ 62. Kf3 Re1 63. Rb5 Be4+ 64. Kf4 Bc6 65. Rb4 Re6
66. Rd4 Bb7 67. Rb4 Bc6 68. Rd4 1/2-1/2

[Event "22nd ch-EUR Indiv 2022"]
[Site "Terme Catez SLO"]
[Date "2022.04.05"]
[Round "10.81"]
[White "Dalaud, Dorian"]
[Black "Gorshtein, Ido"]
[Result "1/2-1/2"]
[WhiteTitle "FM"]
[BlackTitle "IM"]
[WhiteElo "2293"]
[BlackElo "2445"]
[WhiteFideId "36093270"]
[BlackFideId "2815532"]
[EventDate "2022.03.27"]

1. e4 c6 2. d4 d5 3. e5 Bf5 4. Nd2 e6 5. Nb3 Nd7 6. Nf3 a6 7. Be2 c5 8. dxc5
Bxc5 9. Nxc5 Nxc5 10. Nd4 Bg6 11. O-O Ne7 12. Bg5 Qb6 13. Nb3 Nd7 14. Bxe7 Kxe7
15. Re1 Nxe5 16. Bxa6 bxa6 17. Rxe5 Rhd8 18. c3 Kf8 19. Qd2 f6 20. Qe3 Qxe3 21.
Rxe3 e5 22. f4 d4 23. cxd4 exd4 24. Re2 Rac8 25. Rd2 d3 26. Rc1 Rxc1+ 27. Nxc1
Rc8 28. Nb3 Rc4 29. g3 Ke7 30. Kf2 Kd6 31. Ke3 Kd5 32. Rf2 Bf5 33. g4 Bxg4 34.
Kxd3 Bd1 35. Nd2 Bc2+ 36. Ke3 Rc7 37. Nf1 Re7+ 38. Kd2 Bb1 39. a3 Kc4 40. Rf3
Rb7 41. b4 Rd7+ 42. Ke1 Be4 43. Rg3 Kd4 44. Nd2 Bd5 45. Kf2 Rc7 46. Ke2 Re7+ 47.
Kf2 g6 48. Nb3+ Bxb3 49. Rxb3 Kc4 50. Rb1 Kb5 51. Rc1 Re6 52. Rc5+ Kb6 53. f5
Rc6 54. fxg6 hxg6 55. Ra5 Rc2+ 56. Kg3 Rd2 57. h4 Rd3+ 58. Kg4 Rd1 59. Kg3 Rg1+
60. Kh2 Rg4 61. Kh3 Rd4 62. Kg3 Rd3+ 63. Kg2 Re3 64. Kh2 g5 65. hxg5 fxg5 66.
Kg2 g4 67. Kf2 Rb3 68. Kg2 g3 69. Ra4 1/2-1/2

[Event "22nd ch-EUR Indiv 2022"]
[Site "Terme Catez SLO"]
[Date "2022.04.05"]
[Round "10.82"]
[White "Tutisani, Noe"]
[Black "Bilovil, Bogdan"]
[Result "1-0"]
[WhiteTitle "IM"]
[WhiteElo "2442"]
[BlackElo "2272"]
[WhiteFideId "13602853"]
[BlackFideId "14168766"]
[EventDate "2022.03.27"]

1. e4 c5 2. Nf3 d6 3. d4 cxd4 4. Nxd4 Nf6 5. Nc3 a6 6. Bd3 e5 7. Nde2 Be7 8. O-O
O-O 9. Ng3 Be6 10. Nd5 Nbd7 11. c4 Nc5 12. Bc2 b5 13. b4 Ncd7 14. cxb5 axb5 15.
Bb3 Nb6 16. Qd3 Rc8 17. Qxb5 Nbxd5 18. exd5 Bd7 19. Qe2 Qb6 20. Qd2 h5 21. Re1
h4 22. Nf1 Bf5 23. a3 Ne4 24. Qe3 Qa6 25. Qf3 Bg6 26. Rxe4 Bxe4 27. Qxe4 Rc3 28.
Bd1 f5 29. Qe2 Qxe2 30. Bxe2 Rfc8 31. Bd2 Rc2 32. Bd3 Rb2 33. Bxf5 Ra8 34. a4 1-0

[Event "22nd ch-EUR Indiv 2022"]
[Site "Terme Catez SLO"]
[Date "2022.04.05"]
[Round "10.83"]
[White "Haring, Filip"]
[Black "Mitev, Valentin"]
[Result "1-0"]
[WhiteTitle "FM"]
[BlackTitle "FM"]
[WhiteElo "2425"]
[BlackElo "2255"]
[WhiteFideId "14933080"]
[BlackFideId "2921707"]
[EventDate "2022.03.27"]

1. e4 c5 2. Nf3 e6 3. b3 Nc6 4. Bb2 Nf6 5. e5 Nd5 6. c4 Nde7 7. Nc3 Ng6 8. Nb5
a6 9. Nd6+ Bxd6 10. exd6 e5 11. b4 b6 12. h4 Qf6 13. Ng5 Nxb4 14. a3 Nc6 15. Ne4
Qf5 16. d3 Nd4 17. h5 Nf4 18. Bxd4 cxd4 19. g3 Bb7 20. gxf4 Bxe4 21. Bh3 Qxf4
22. dxe4 Qxe4+ 23. Kd2 Qf4+ 24. Ke1 Qe4+ 25. Kd2 Qf4+ 26. Kc2 O-O 27. Rc1 Qf6
28. Rg1 Qxd6 29. Qd3 b5 30. Kb2 bxc4 31. Rxc4 Rab8+ 32. Ka2 Qf6 33. Qf5 Qb6 34.
Rb4 Qe6+ 35. Ka1 Rxb4 36. Rxg7+ Kxg7 37. Qg5+ Kh8 38. Bxe6 Rb5 39. Qf6+ Kg8 40.
h6 1-0

[Event "22nd ch-EUR Indiv 2022"]
[Site "Terme Catez SLO"]
[Date "2022.04.05"]
[Round "10.84"]
[White "Kochavi, Ori"]
[Black "Injac, Teodora"]
[Result "1-0"]
[WhiteTitle "FM"]
[BlackTitle "WGM"]
[WhiteElo "2253"]
[BlackElo "2407"]
[WhiteFideId "2816873"]
[BlackFideId "932400"]
[EventDate "2022.03.27"]

1. e4 e5 2. Nf3 Nc6 3. Bb5 a6 4. Ba4 Nf6 5. O-O Be7 6. Re1 b5 7. Bb3 d6 8. c3
O-O 9. h3 Nb8 10. d4 Nbd7 11. Nbd2 Bb7 12. Bc2 Re8 13. Nf1 Bf8 14. Ng3 g6 15. a4
c5 16. d5 c4 17. Bg5 Nc5 18. Qd2 Be7 19. Ra3 Nfd7 20. Be3 Qc7 21. Nh2 h5 22. Qe2
Bf8 23. Ngf1 Nf6 24. Nd2 Rab8 25. Rea1 Bg7 26. Nhf1 Bc8 27. axb5 axb5 28. Nb1
Nfxe4 29. Bxe4 Nxe4 30. Ba7 Nc5 31. Bxb8 Qxb8 32. Ra8 Qb6 33. Nbd2 Rf8 34. Ne4
Bh6 35. Nfg3 Kg7 36. Qf3 Nxe4 37. Nxe4 f5 38. R1a7+ Bb7 39. Nxd6 Qxd6 40. Rxb7+
Kf6 41. Raa7 e4 42. Qd1 Bf4 43. Qd4+ Be5 44. Qb6 f4 45. Qxb5 Kf5 46. Rf7+ Kg5
47. Rxf8 Qxf8 48. Qd7 Qb8 49. Qe7+ Kh6 50. h4 1-0

[Event "22nd ch-EUR Indiv 2022"]
[Site "Terme Catez SLO"]
[Date "2022.04.05"]
[Round "10.85"]
[White "Dobrovoljc, Vid"]
[Black "Katkov, Michelle"]
[Result "1-0"]
[WhiteTitle "FM"]
[BlackTitle "WFM"]
[WhiteElo "2406"]
[BlackElo "2149"]
[WhiteFideId "14609843"]
[BlackFideId "2816393"]
[EventDate "2022.03.27"]

1. e4 e5 2. Nf3 Nc6 3. Bb5 a6 4. Ba4 Nf6 5. d3 d6 6. c3 g6 7. O-O Bg7 8. Re1 O-O
9. h3 b5 10. Bc2 d5 11. a3 dxe4 12. dxe4 Bb7 13. Be3 Qe7 14. Nbd2 Nd7 15. b4 f5
16. Nb3 Rad8 17. Qe2 f4 18. Bc5 Nxc5 19. Nxc5 Bc8 20. a4 bxa4 21. Qc4+ Kh8 22.
Nxa6 Rd6 23. b5 Be6 24. Qc5 Nb8 25. Nxc7 Nd7 26. Qb4 Bb3 27. Bxb3 axb3 28. Nd5
Qe6 29. Ng5 1-0

[Event "22nd ch-EUR Indiv 2022"]
[Site "Terme Catez SLO"]
[Date "2022.04.05"]
[Round "10.86"]
[White "Redzisz, Michal"]
[Black "Papadiamandis, Elliot"]
[Result "1/2-1/2"]
[WhiteTitle "FM"]
[BlackTitle "FM"]
[WhiteElo "2223"]
[BlackElo "2406"]
[WhiteFideId "21816107"]
[BlackFideId "36074160"]
[EventDate "2022.03.27"]

1. d4 Nf6 2. c4 g6 3. g3 c6 4. Nf3 Bg7 5. Bg2 O-O 6. O-O d5 7. cxd5 cxd5 8. Nc3
Nc6 9. Ne5 Bf5 10. Bf4 Ne4 11. Rc1 Nxe5 12. Bxe5 Rc8 13. Bxg7 Kxg7 14. Qa4 Nxc3
15. Rxc3 Rxc3 16. bxc3 a6 17. Qb3 e6 18. Qxb7 Qa5 19. c4 Qxa2 20. cxd5 exd5 21.
Bxd5 Qxe2 22. Ra1 Qd2 23. Qxa6 Qxd4 24. Bf3 Rb8 25. Rd1 Qc3 26. Qc6 Qe5 27. Qd6
Qxd6 28. Rxd6 Bh3 29. Rd1 h5 30. Bg2 Bg4 31. Rc1 h4 32. h3 Be6 33. gxh4 Rb4 34.
Kh2 Rxh4 35. Kg3 Rb4 36. Rc3 g5 37. Rd3 Rh4 38. Kh2 Kg6 39. Bd5 Bf5 40. Rg3 Rd4
41. Ba8 Bd7 42. Rc3 f5 43. Bb7 Rd6 44. Ra3 f4 45. Bf3 Bf5 46. Kg2 Kf6 47. Rc3
Be6 48. Bg4 Bf7 49. Bf3 Bg6 50. Rc4 Bd3 51. Rc3 Bf5 1/2-1/2

[Event "22nd ch-EUR Indiv 2022"]
[Site "Terme Catez SLO"]
[Date "2022.04.05"]
[Round "10.87"]
[White "Sarrau, Jelle"]
[Black "Krzywda, Andrzej"]
[Result "1/2-1/2"]
[WhiteTitle "FM"]
[BlackTitle "CM"]
[WhiteElo "2401"]
[BlackElo "2152"]
[WhiteFideId "207608"]
[BlackFideId "1114565"]
[EventDate "2022.03.27"]

1. Nf3 c5 2. c4 g6 3. Nc3 Bg7 4. e3 Nf6 5. d4 O-O 6. d5 e6 7. Bd3 exd5 8. cxd5
d6 9. O-O Bg4 10. h3 Bxf3 11. Qxf3 Na6 12. e4 Nd7 13. Qe2 Nc7 14. a4 Re8 15. Be3
a6 16. a5 Rb8 17. Ra2 Qe7 18. Re1 Ne5 19. Bc2 b5 20. axb6 1/2-1/2

[Event "22nd ch-EUR Indiv 2022"]
[Site "Terme Catez SLO"]
[Date "2022.04.05"]
[Round "10.88"]
[White "Rozen, Eytan"]
[Black "Valiyev, Shahin"]
[Result "1-0"]
[WhiteTitle "IM"]
[WhiteElo "2398"]
[BlackElo "1961"]
[WhiteFideId "2816750"]
[BlackFideId "13424203"]
[EventDate "2022.03.27"]

1. c4 e6 2. g3 d5 3. Bg2 Nf6 4. Nf3 dxc4 5. Qa4+ Nbd7 6. Qxc4 a6 7. Qc2 c5 8.
O-O Qc7 9. d4 b5 10. Bf4 Qa7 11. a4 b4 12. Nbd2 Bb7 13. Nc4 cxd4 14. Rac1 Nd5
15. Bd6 Rc8 16. Bxf8 Kxf8 17. Qd2 d3 18. e4 Ne7 19. Qxb4 Rd8 20. Nd6 Bc6 21. Ng5
Ne5 22. Ndxf7 Nxf7 23. Nxe6+ Ke8 24. Nxg7+ Kf8 25. Ne6+ Ke8 26. Nxd8 Nxd8 27.
Rcd1 Qd7 28. Qc3 Rf8 29. Rxd3 Qe6 30. Rfd1 Nf7 31. Qc5 Bxa4 32. R1d2 Bb5 33. Rd4
Ne5 34. Rd6 Qc4 1-0

[Event "22nd ch-EUR Indiv 2022"]
[Site "Terme Catez SLO"]
[Date "2022.04.05"]
[Round "10.89"]
[White "Gombocz, Ferenc Jr."]
[Black "Bukal, Vladimir Jr."]
[Result "1/2-1/2"]
[WhiteTitle "FM"]
[BlackTitle "IM"]
[WhiteElo "2188"]
[BlackElo "2391"]
[WhiteFideId "775029"]
[BlackFideId "14502941"]
[EventDate "2022.03.27"]

1. c4 b6 2. Nc3 Bb7 3. e4 e6 4. Nge2 Nf6 5. d3 h5 6. h4 c5 7. Bg5 Be7 8. g3 Nc6
9. Bg2 Ng4 10. Bxe7 Qxe7 11. Qd2 a6 12. f3 Nge5 13. f4 Ng4 14. Bf3 Nd4 15. Nxd4
cxd4 16. Ne2 e5 17. Bxg4 hxg4 18. fxe5 Qxe5 19. O-O g6 20. Qf4 Qg7 21. Qf6 O-O
22. Nxd4 b5 23. cxb5 axb5 24. Qxg7+ Kxg7 25. Nxb5 Ra5 26. a4 Ra6 27. a5 Rc6 28.
Rac1 Ba6 29. Rxc6 dxc6 30. Nd6 Bxd3 31. Rd1 Be2 32. Rd2 Bf3 33. b4 f5 34. exf5
gxf5 35. a6 f4 36. gxf4 c5 37. b5 Rxf4 38. b6 Rb4 39. b7 g3 40. Nf5+ Kf6 41.
Nxg3 Ke5 42. Rd7 Kf4 43. Rf7+ Kxg3 44. Rxf3+ Kxf3 45. a7 Rg4+ 46. Kf1 Rxh4 47.
Ke1 Ke3 48. Kd1 Kd3 49. Kc1 Kc3 50. Kd1 Kd3 51. Kc1 Kc3 52. Kd1 1/2-1/2

[Event "22nd ch-EUR Indiv 2022"]
[Site "Terme Catez SLO"]
[Date "2022.04.05"]
[Round "10.90"]
[White "Lutsko, Artem"]
[Black "Hryzlova, Sofiia"]
[Result "1-0"]
[BlackTitle "WCM"]
[WhiteElo "2390"]
[BlackElo "2097"]
[WhiteFideId "14188767"]
[BlackFideId "14174669"]
[EventDate "2022.03.27"]

1. Nf3 d5 2. g3 c5 3. Bg2 Nf6 4. O-O g6 5. d3 Bg7 6. Nc3 Nc6 7. Bf4 O-O 8. Ne5
Nh5 9. Nxc6 bxc6 10. Bd2 e5 11. Na4 Qd6 12. Be3 d4 13. Bc1 c4 14. dxc4 Be6 15.
b3 f5 16. c3 Rad8 17. cxd4 exd4 18. Nb2 d3 19. Qxd3 Qe7 20. Qf3 f4 21. gxf4 Nxf4
22. Bxf4 g5 23. Rad1 Rxd1 24. Nxd1 Rxf4 25. Qxc6 Be5 26. Qxe6+ Qxe6 27. Bd5 Rg4+
28. Kh1 Qxd5+ 29. cxd5 Rh4 30. Ne3 Kf7 31. Rd1 Rxh2+ 32. Kg1 Rh4 33. Nc4 Rg4+
34. Kh1 Bf6 35. f3 Rd4 36. Rxd4 Bxd4 37. b4 Ke7 38. a4 1-0

[Event "22nd ch-EUR Indiv 2022"]
[Site "Terme Catez SLO"]
[Date "2022.04.05"]
[Round "10.91"]
[White "Hovhannisyan, Robert"]
[Black "Ortega Ruiz, Jose Miguel"]
[Result "1/2-1/2"]
[WhiteTitle "GM"]
[BlackTitle "FM"]
[WhiteElo "2643"]
[BlackElo "2331"]
[WhiteFideId "13302507"]
[BlackFideId "2209713"]
[EventDate "2022.03.27"]

1. e4 e5 2. Nf3 Nc6 3. Nc3 Nf6 4. d4 exd4 5. Nxd4 Bb4 6. Nxc6 bxc6 7. Bd3 d5 8.
exd5 cxd5 9. O-O O-O 10. h3 Be6 11. Qf3 c5 12. Rd1 Qe7 13. Bg5 c4 14. Bf1 Bxc3
15. bxc3 h6 16. Bh4 g5 17. Bg3 Ne4 18. Rab1 f5 19. Be5 Bf7 20. Bd4 Bg6 21. Qe2
Rfe8 22. f3 Ng3 23. Qf2 f4 24. Bc5 Qf7 25. Qd2 Rad8 26. Bf2 Nf5 27. Re1 Qd7 28.
Rxe8+ Bxe8 29. Re1 Bf7 30. h4 Qd6 31. hxg5 hxg5 32. g4 Nh4 33. Bxh4 gxh4 34. Kh2
Qf6 35. Kh3 Rb8 36. a4 Rb2 37. Re2 Ra2 38. Qe1 Rxa4 39. Qxh4 Qxh4+ 40. Kxh4 Ra3
41. Kg5 Rxc3 42. Kxf4 a5 43. Bh3 a4 44. g5 a3 45. Re7 d4 46. Ra7 d3 47. cxd3
cxd3 48. g6 Bd5 49. Ra5 a2 50. Kg5 Rc5 51. Rxc5 a1=Q 52. Rxd5 d2 53. Rd8+ Kg7
54. Rd7+ Kf8 55. Rd8+ Ke7 56. Rd7+ Kf8 57. Rd8+ Ke7 58. Rd7+ 1/2-1/2

[Event "22nd ch-EUR Indiv 2022"]
[Site "Terme Catez SLO"]
[Date "2022.04.05"]
[Round "10.92"]
[White "Karsay, Pascal"]
[Black "Stocek, Jiri"]
[Result "1-0"]
[WhiteTitle "FM"]
[BlackTitle "GM"]
[WhiteElo "2310"]
[BlackElo "2555"]
[WhiteFideId "12953474"]
[BlackFideId "304760"]
[EventDate "2022.03.27"]

1. Nf3 Nf6 2. c4 e6 3. Nc3 Bb4 4. Qc2 O-O 5. a3 Bxc3 6. Qxc3 d6 7. d4 Re8 8. g3
Qe7 9. Bg2 e5 10. O-O e4 11. Ne1 d5 12. b3 Bg4 13. f3 Bf5 14. Bg5 Nbd7 15. g4
exf3 16. exf3 Bg6 17. Nd3 Ne4 18. fxe4 Qxg5 19. Nf2 Bxe4 20. Nxe4 dxe4 21. Qg3
c6 22. h4 Qe7 23. Rae1 e3 24. Rf3 Qxa3 25. Rfxe3 Rxe3 26. Rxe3 Nf6 27. g5 Nh5
28. Qe5 g6 29. d5 Qc1+ 30. Kh2 Rc8 31. d6 Qd2 32. Re2 Qd1 33. Qe7 Rf8 34. d7 Ng7
35. Bd5 cxd5 36. Qxf8+ 1-0

[Event "22nd ch-EUR Indiv 2022"]
[Site "Terme Catez SLO"]
[Date "2022.04.05"]
[Round "10.93"]
[White "Neverov, Valeriy"]
[Black "Sorm, Daniel"]
[Result "1-0"]
[WhiteTitle "GM"]
[BlackTitle "FM"]
[WhiteElo "2453"]
[BlackElo "2323"]
[WhiteFideId "14100150"]
[BlackFideId "5400139"]
[EventDate "2022.03.27"]

1. c4 e5 2. Nc3 Nf6 3. Nf3 Nc6 4. d3 Bc5 5. a3 a5 6. Bg5 h6 7. Bxf6 Qxf6 8. g3
Qd8 9. Bh3 d6 10. Bxc8 Qxc8 11. O-O O-O 12. e3 Re8 13. d4 exd4 14. exd4 Ba7 15.
Qd3 Qg4 16. Rad1 Ne7 17. Nb5 Qd7 18. Rfe1 c6 19. Nxa7 Rxa7 20. Re3 Raa8 21. Rde1
Kf8 22. Qh7 Ng8 23. Nh4 Nf6 24. Qh8+ Ng8 25. Qh7 Nf6 26. Qh8+ Ng8 27. Kg2 Rxe3
28. Rxe3 Re8 29. Rf3 Qe6 30. Re3 Qd7 31. Rf3 Qe6 32. Nf5 Qg6 1-0